| 000 | 00804nam a22002297a 4500 | ||
|---|---|---|---|
| 005 | 20130523130213.0 | ||
| 008 | 090109t xxu||||| |||| 00| 0urd d | ||
| 010 | _aUR-8408 | ||
| 020 | _c200.00 | ||
| 035 | _aU-6963 | ||
| 037 | _bDBAD/PUB | ||
| 040 |
_aDPL _burdu |
||
| 082 | _a841.1 | ||
| 100 |
_912785 _aنظیر علی عد یل |
||
| 245 |
_aنشا ط ا لثا نیہ / _cنظیر علی عد یل |
||
| 246 |
_aNashat-Us-Sania _bby Syed Nazeer Ali Adeel |
||
| 260 |
_aحید ر آ با د _bا لا نصا ر پبلی کیشنز _c2009 |
||
| 270 |
_a18-8-223/12/A, Riyasat Nagar, _bHyderabad _e059 _k9391301192 _mal_ansar_annual@yahoo.co.in |
||
| 300 |
_a196 ص _c22 (Hb) |
||
| 700 |
_955153 _dمر تب : فا ر و ق شکیل |
||
| 942 |
_2ddc _cUR _h841.1 _mن ظ ی |
||
| 999 |
_c76014 _d76014 |
||